000 01076nam a2200301 a 4500
001 000009535
005 20200929161621.0
008 090930s2005 dr a 000 p spa d
020 _a9945100106
040 _aDO-SdBNP
_bspa
_cBNPHU
082 _aPR861.08
_bH149p
245 0 0 _aHaiku para el camino :
_bpoemario /
_cFrancisco R. Agrait-Lladó ... [et al.] ; prólogo Félix F. Rodríguez.
260 _aSanto Domingo :
_bBúho,
_c2005.
300 _a116 p. :
_bil. ;
_c22 cm.
590 _aInventarido, 2019/MFF
650 4 _aPoesía puertorriqueña
_xColecciones
_98932
650 4 _aLiteratura puertorriqueña
_9250
690 _aHAIKU PUERTORRIQUEÑO
_924365
690 _aHAIKU, ESPAÑOL
_zPUERTO RICO
_924366
700 1 _aCofiño Robles, Ivette
_924367
700 1 _aEstrada Perdido, Yvonne
_924368
700 1 _aLatorre, Héctor
_924369
700 1 _aMartínez, Nicky
_924370
700 1 _aPaoli, Gisela
_924371
700 1 _aRodríguez, Félix F.,
_epról.
_924372
710 1 _aColectivo Haiku Puertorriqueño.
_924373
910 _aValidado. Control de calidad MFF
999 _c9295
_d9295